000
00303 a2200121 4500
001
154129
040
_c
Escola São Tomás de Aquino
100
_a
FERREIRA, Auréilo Buarque de Holanda
240
1
0
_a
Mini Aurélio
_l
por
245
1
0
_a
Mini Aurélio
697
_a
Dicionário de português
942
_c
MATP
999
_c
154129
_d
154129